| 000 | 00885cab a2200241 4500 | ||
|---|---|---|---|
| 001 | ABS54119 | ||
| 008 | 090401t1995 xxu||||| |||| 00| 0 eng d | ||
| 035 | _a(Sirsi) u8648 | ||
| 041 | _aeng | ||
| 100 | _aCottam, G. | ||
| 245 | _aGloves to come off in adjudication debate | ||
| 260 | _c1995 | ||
| 350 | _a0 | ||
| 490 |
_aConstruction News _v(6444) 7 December 1995, 13(1) |
||
| 520 | _aLooks into the definition of adjudication and what it will mean for the construction industry. | ||
| 650 | _aMANAGEMENT-DISPUTE AVOIDANCE, MANAGEMENT AND RESOLUTION-DISPUTE MANAGEMENT AND RESOLUTION-ALTERNATIVE DISPUTE RESOLUTION-ADJUDICATION | ||
| 650 | _aCONSTRUCTION DISPUTES | ||
| 650 | _aMEDIATION | ||
| 650 | _aLATHAM REFORMS | ||
| 690 | _aMANAGEMENT-DISPUTE AVOIDANCE, MANAGEMENT AND RESOLUTION-DISPUTE MANAGEMENT AND RESOLUTION-ARBITRATION | ||
| 942 | _n0 | ||
| 948 | _c04/03/1997 | ||
| 999 |
_c5360 _d5360 |
||